Statistics for Guess the Olivia Rodrigo song with no hints ~2

Click here to take the quiz!

General Stats

  • This quiz has been taken 452 times
  • The average score is 136 of 204

Answer Stats

Answer% Correct
I
99%
You
95%
you
95%
The
88%
the
88%
me
83%
your
79%
on
78%
and
76%
And
76%
it
76%
to
76%
My
75%
my
75%
that
75%
do
74%
in
74%
like
74%
Like
74%
are
73%
all
72%
I'm
72%
of
70%
Oh
70%
oh
70%
wear
69%
you're
68%
thing
67%
want
67%
ever
66%
for
66%
get
66%
one
66%
this
66%
it's
65%
Lacy
65%
But
64%
not
63%
got
62%
Did
61%
aren't
60%
Aren't
60%
care
59%
could
59%
pastry
59%
skin
59%
try
59%
Try
59%
as
58%
Hell?
58%
how
58%
they
58%
time
58%
angel
57%
tell
57%
every
56%
out
56%
puff
56%
see
56%
side
56%
sweetest
56%
just
55%
eyes
54%
hair
54%
perfume
54%
Well
54%
well?
54%
made
53%
Dear
52%
doing
52%
exist?
52%
feel
52%
jealous
52%
lately
52%
ribbons
52%
dust
50%
life
50%
much
50%
bullets
49%
losing
49%
over
49%
People
49%
people
49%
Yeah
49%
compliments
48%
little
48%
mind
48%
angel
47%
daisies
47%
everywhere
47%
greatest
47%
knots
47%
linger
47%
rationalize
47%
plain
46%
sight
46%
stomach's
46%
takes
46%
torture
46%
bear
45%
fell
45%
sexy
45%
despise
44%
poison
44%
Smart
44%
Watchin'
44%
white
44%
worships
44%
rotten
43%
Dazzling
42%
hard
42%
hidden
42%
reincarnate
41%
Bardot
39%
loathe
39%
starlet
37%

Score Distribution

Percentile by Number Answered

Percent of People with Each Score

Your Score History

You have not taken this quiz